| 000 | 00434pab a2200157 454500 | ||
|---|---|---|---|
| 008 | 180718b2005 xxu||||| |||| 00| 0 eng d | ||
| 100 | _aMahadevappa, B. | ||
| 245 | _aAn instrument for measuring total quality management practices in higher education | ||
| 260 | _c2005 | ||
| 300 | _ap.406-17. | ||
| 362 | _aJul-Dec | ||
| 650 | _aHigher education | ||
| 650 | _aTotal quality management | ||
| 773 | _aProductivity | ||
| 909 | _a71380 | ||
| 999 |
_c71380 _d71380 |
||